[Event "ODJM B 2024"]
[Site "Willingen GER"]
[Date "2024.05.19"]
[Round "1"]
[White "Tran, Minh Dat"]
[Black "Fischer, Quirin"]
[Result "1-0"]
[Termination "normal"]
[Board "1"]
[WhiteElo "1731"]
[BlackElo "1636"]
[WhiteClock "00:47:08"]
[BlackClock "01:20:56"]
[PlyCount "105"]
[WhiteFideId "16244702"]
[BlackFideId "34623787"]
[EventCountry "GER"]
[EventRounds "9"]
[EventType "swiss"]
[EventDate "2024.05.18"]

1. c4 {[%clk 01:30:57]} {[%emt 00:00:01]} c5 {[%clk 01:30:56]} {[%emt
00:00:05]} 2. g3 {[%clk 01:31:17]} {[%emt 00:00:09]} Nc6 {[%clk 01:31:22]}
{[%emt 00:00:06]} 3. Bg2 {[%clk 01:31:40]} {[%emt 00:00:06]} g6 {[%clk
01:31:45]} {[%emt 00:00:07]} 4. d3 {[%clk 01:31:50]} {[%emt 00:00:19]} Bg7
{[%clk 01:32:09]} {[%emt 00:00:07]} 5. e4 {[%clk 01:32:15]} {[%emt 00:00:05]}
Nf6 {[%clk 01:30:03]} {[%emt 00:02:37]} 6. Ne2 {[%clk 01:32:15]} {[%emt
00:00:29]} Rb8 {[%clk 01:29:54]} {[%emt 00:00:40]} 7. Nbc3 {[%clk 01:31:55]}
{[%emt 00:00:49]} d6 {[%clk 01:29:31]} {[%emt 00:00:53]} 8. O-O {[%clk
01:32:04]} {[%emt 00:00:21]} a6 {[%clk 01:29:31]} {[%emt 00:00:31]} 9. f4
{[%clk 01:32:21]} {[%emt 00:00:12]} O-O {[%clk 01:28:59]} {[%emt 00:01:02]} 10.
h3 {[%clk 01:32:23]} {[%emt 00:00:27]} Bd7 {[%clk 01:28:57]} {[%emt 00:00:33]}
11. g4 {[%clk 01:30:05]} {[%emt 00:02:49]} b5 {[%clk 01:27:31]} {[%emt
00:01:56]} 12. Ng3 {[%clk 01:29:22]} {[%emt 00:01:12]} b4 {[%clk 01:26:36]}
{[%emt 00:01:25]} 13. Nce2 {[%clk 01:29:38]} {[%emt 00:00:14]} Qc8 {[%clk
01:24:17]} {[%emt 00:02:49]} 14. Kh2 {[%clk 01:23:54]} {[%emt 00:06:13]} h6
{[%clk 01:23:34]} {[%emt 00:01:14]} 15. Rb1 {[%clk 01:18:09]} {[%emt 00:06:15]}
b3 {[%clk 01:21:47]} {[%emt 00:02:18]} 16. a3 {[%clk 01:18:19]} {[%emt
00:00:19]} a5 {[%clk 01:21:59]} {[%emt 00:00:19]} 17. Be3 {[%clk 01:18:02]}
{[%emt 00:00:46]} Nd4 {[%clk 01:21:17]} {[%emt 00:01:12]} 18. Nxd4 {[%clk
01:15:05]} {[%emt 00:03:27]} cxd4 {[%clk 01:21:39]} {[%emt 00:00:08]} 19. Bd2
{[%clk 01:12:58]} {[%emt 00:02:37]} a4 {[%clk 01:21:37]} {[%emt 00:00:33]} 20.
Bb4 {[%clk 01:11:12]} {[%emt 00:02:15]} Re8 {[%clk 01:21:20]} {[%emt 00:00:47]}
21. Rc1 {[%clk 01:06:21]} {[%emt 00:05:21]} Qa6 {[%clk 01:20:08]} {[%emt
00:01:41]} 22. Ne2 {[%clk 01:03:25]} {[%emt 00:03:27]} Rbc8 {[%clk 01:19:36]}
{[%emt 00:01:02]} 23. Qe1 {[%clk 00:55:02]} {[%emt 00:08:53]} Qa7 {[%clk
01:19:06]} {[%emt 00:01:00]} 24. Kh1 {[%clk 00:52:58]} {[%emt 00:02:34]} Qb6
{[%clk 01:18:02]} {[%emt 00:01:35]} 25. Qf2 {[%clk 00:51:36]} {[%emt 00:01:51]}
e5 {[%clk 01:17:59]} {[%emt 00:00:33]} 26. g5 {[%clk 00:48:46]} {[%emt
00:03:21]} hxg5 {[%clk 01:16:11]} {[%emt 00:02:17]} 27. fxg5 {[%clk 00:49:05]}
{[%emt 00:00:11]} Nh5 {[%clk 01:16:10]} {[%emt 00:00:31]} 28. Qxf7+ {[%clk
00:49:13]} {[%emt 00:00:22]} Kh7 {[%clk 01:16:24]} {[%emt 00:00:16]} 29. Qxd7
{[%clk 00:48:56]} {[%emt 00:00:46]} Rcd8 {[%clk 01:16:10]} {[%emt 00:00:45]}
30. Qxa4 {[%clk 00:48:17]} {[%emt 00:01:09]} Rf8 {[%clk 01:16:24]} {[%emt
00:00:16]} 31. Qxb3 {[%clk 00:48:22]} {[%emt 00:00:26]} Rxf1+ {[%clk 01:15:59]}
{[%emt 00:00:55]} 32. Rxf1 {[%clk 00:48:47]} {[%emt 00:00:05]} Rf8 {[%clk
01:16:13]} {[%emt 00:00:15]} 33. Qd1 {[%clk 00:48:40]} {[%emt 00:00:38]} Rxf1+
{[%clk 01:16:23]} {[%emt 00:00:19]} 34. Qxf1 {[%clk 00:49:05]} {[%emt
00:00:05]} Qa6 {[%clk 01:16:36]} {[%emt 00:00:16]} 35. b3 {[%clk 00:48:55]}
{[%emt 00:00:41]} Qc8 {[%clk 01:16:36]} {[%emt 00:00:30]} 36. Bf3 {[%clk
00:46:11]} {[%emt 00:03:14]} Qf8 {[%clk 01:16:54]} {[%emt 00:00:12]} 37. Qg2
{[%clk 00:46:07]} {[%emt 00:00:34]} Nf4 {[%clk 01:17:15]} {[%emt 00:00:09]} 38.
Nxf4 {[%clk 00:46:33]} {[%emt 00:00:04]} Qxf4 {[%clk 01:17:39]} {[%emt
00:00:07]} 39. Bd2 {[%clk 00:46:26]} {[%emt 00:00:36]} Qf8 {[%clk 01:17:42]}
{[%emt 00:00:27]} 40. Bg4 {[%clk 00:46:26]} {[%emt 00:00:31]} d5 {[%clk
01:17:56]} {[%emt 00:00:16]} 41. Bb4 {[%clk 00:45:53]} {[%emt 00:01:03]} Qf4
{[%clk 01:18:16]} {[%emt 00:00:07]} 42. cxd5 {[%clk 00:45:11]} {[%emt
00:01:14]} Qc1+ {[%clk 01:18:36]} {[%emt 00:00:10]} 43. Kh2 {[%clk 00:45:14]}
{[%emt 00:00:27]} Qxg5 {[%clk 01:18:50]} {[%emt 00:00:16]} 44. d6 {[%clk
00:45:05]} {[%emt 00:00:40]} Qf4+ {[%clk 01:19:10]} {[%emt 00:00:10]} 45. Qg3
{[%clk 00:45:25]} {[%emt 00:00:09]} Qf8 {[%clk 01:19:30]} {[%emt 00:00:07]} 46.
Qh4+ {[%clk 00:45:12]} {[%emt 00:00:46]} Bh6 {[%clk 01:19:40]} {[%emt
00:00:20]} 47. d7 {[%clk 00:45:31]} {[%emt 00:00:12]} Qf4+ {[%clk 01:20:02]}
{[%emt 00:00:07]} 48. Qg3 {[%clk 00:45:55]} {[%emt 00:00:06]} Qf6 {[%clk
01:20:17]} {[%emt 00:00:15]} 49. Qf3 {[%clk 00:45:44]} {[%emt 00:00:41]} Bf4+
{[%clk 01:20:25]} {[%emt 00:00:22]} 50. Kg2 {[%clk 00:46:09]} {[%emt 00:00:05]}
Qd8 {[%clk 01:20:19]} {[%emt 00:00:35]} 51. Bc5 {[%clk 00:46:25]} {[%emt
00:00:14]} Qc7 {[%clk 01:20:38]} {[%emt 00:00:11]} 52. b4 {[%clk 00:46:47]}
{[%emt 00:00:09]} Kg7 {[%clk 01:20:56]} {[%emt 00:00:12]} 53. a4 {[%clk
00:47:08]} {[%emt 00:00:09]} 1-0

[Event "ODJM B 2024"]
[Site "Willingen GER"]
[Date "2024.05.19"]
[Round "1"]
[White "Lieb, Max"]
[Black "Tulchynsky, Mark"]
[Result "1-0"]
[Termination "normal"]
[Board "2"]
[WhiteElo "1662"]
[BlackElo "1828"]
[WhiteClock "00:27:56"]
[BlackClock "00:30:30"]
[PlyCount "42"]
[WhiteFideId "34630651"]
[BlackFideId "34617698"]
[EventCountry "GER"]
[EventRounds "9"]
[EventType "swiss"]
[EventDate "2024.05.18"]

1. d4 {[%clk 01:30:57]} {[%emt 00:00:02]} d5 {[%clk 01:30:49]} {[%emt
00:00:11]} 2. c4 {[%clk 01:31:21]} {[%emt 00:00:06]} e6 {[%clk 01:31:13]}
{[%emt 00:00:06]} 3. Nf3 {[%clk 01:31:45]} {[%emt 00:00:05]} Nf6 {[%clk
01:31:32]} {[%emt 00:00:12]} 4. g3 {[%clk 01:32:09]} {[%emt 00:00:07]} Be7
{[%clk 01:30:37]} {[%emt 00:01:24]} 5. Bg2 {[%clk 01:32:31]} {[%emt 00:00:08]}
c5 {[%clk 01:23:09]} {[%emt 00:07:58]} 6. cxd5 {[%clk 01:31:24]} {[%emt
00:01:37]} exd5 {[%clk 01:17:39]} {[%emt 00:06:01]} 7. O-O {[%clk 01:30:52]}
{[%emt 00:01:01]} Nc6 {[%clk 01:13:30]} {[%emt 00:04:39]} 8. b3 {[%clk
01:24:21]} {[%emt 00:07:01]} O-O {[%clk 01:01:29]} {[%emt 00:12:31]} 9. Bb2
{[%clk 01:23:47]} {[%emt 00:01:04]} Bg4 {[%clk 00:51:05]} {[%emt 00:10:54]} 10.
Ne5 {[%clk 01:18:53]} {[%emt 00:05:24]} cxd4 {[%clk 00:45:33]} {[%emt
00:06:03]} 11. Nxg4 {[%clk 01:17:03]} {[%emt 00:02:19]} Nxg4 {[%clk 00:44:49]}
{[%emt 00:01:15]} 12. Na3 {[%clk 01:13:36]} {[%emt 00:03:57]} Bf6 {[%clk
00:29:04]} {[%emt 00:16:14]} 13. Nb5 {[%clk 00:49:29]} {[%emt 00:24:36]} Qb6
{[%clk 00:23:59]} {[%emt 00:05:35]} 14. a4 {[%clk 00:46:54]} {[%emt 00:03:05]}
a6 {[%clk 00:20:03]} {[%emt 00:04:27]} 15. Na3 {[%clk 00:42:54]} {[%emt
00:04:29]} Rad8 {[%clk 00:17:22]} {[%emt 00:03:12]} 16. Rb1 {[%clk 00:36:51]}
{[%emt 00:06:33]} Nge5 {[%clk 00:09:39]} {[%emt 00:08:12]} 17. Nc2 {[%clk
00:35:13]} {[%emt 00:02:08]} Ng6 {[%clk 00:07:03]} {[%emt 00:03:06]} 18. Qd3
{[%clk 00:30:54]} {[%emt 00:04:48]} Rfe8 {[%clk 00:04:07]} {[%emt 00:03:28]}
19. Rfd1 {[%clk 00:29:37]} {[%emt 00:01:47]} Nge5 {[%clk 00:02:16]} {[%emt
00:02:21]} 20. Qd2 {[%clk 00:29:26]} {[%emt 00:00:40]} Ng6 {[%clk 00:00:31]}
{[%emt 00:02:16]} 21. Kf1 {[%clk 00:27:56]} {[%emt 00:02:00]} d3 {[%clk
00:30:30]} {[%emt 00:00:32]} 1-0

[Event "ODJM B 2024"]
[Site "Willingen GER"]
[Date "2024.05.19"]
[Round "1"]
[White "Hierl, Andreas"]
[Black "Klein, Tristan"]
[Result "1-0"]
[Termination "normal"]
[Board "3"]
[WhiteElo "1713"]
[BlackElo "1701"]
[WhiteClock "00:36:24"]
[BlackClock "00:37:34"]
[PlyCount "44"]
[WhiteFideId "34660496"]
[BlackFideId "34621210"]
[EventCountry "GER"]
[EventRounds "9"]
[EventType "swiss"]
[EventDate "2024.05.18"]

1. e4 {[%clk 01:30:57]} {[%emt 00:00:02]} d6 {[%clk 01:30:41]} {[%emt
00:00:19]} 2. d4 {[%clk 01:31:19]} {[%emt 00:00:08]} Nf6 {[%clk 01:30:55]}
{[%emt 00:00:16]} 3. Bd3 {[%clk 01:31:43]} {[%emt 00:00:06]} g6 {[%clk
01:29:47]} {[%emt 00:01:38]} 4. Bg5 {[%clk 01:31:59]} {[%emt 00:00:14]} h6
{[%clk 01:28:01]} {[%emt 00:02:17]} 5. Bh4 {[%clk 01:26:50]} {[%emt 00:05:38]}
Bg7 {[%clk 01:25:32]} {[%emt 00:02:58]} 6. Nd2 {[%clk 01:25:04]} {[%emt
00:02:16]} O-O {[%clk 01:24:29]} {[%emt 00:01:33]} 7. c3 {[%clk 01:12:59]}
{[%emt 00:12:36]} e5 {[%clk 01:20:11]} {[%emt 00:04:47]} 8. Ngf3 {[%clk
01:12:08]} {[%emt 00:01:22]} Qe8 {[%clk 01:14:48]} {[%emt 00:05:52]} 9. h3
{[%clk 01:07:27]} {[%emt 00:05:11]} Nh5 {[%clk 01:12:22]} {[%emt 00:02:56]} 10.
g4 {[%clk 00:55:44]} {[%emt 00:12:13]} Nf4 {[%clk 01:11:37]} {[%emt 00:01:15]}
11. Bf1 {[%clk 00:55:36]} {[%emt 00:00:38]} f5 {[%clk 01:07:35]} {[%emt
00:04:32]} 12. gxf5 {[%clk 00:50:38]} {[%emt 00:05:28]} gxf5 {[%clk 01:07:51]}
{[%emt 00:00:13]} 13. Qb3+ {[%clk 00:50:03]} {[%emt 00:01:07]} Kh7 {[%clk
01:02:41]} {[%emt 00:05:39]} 14. dxe5 {[%clk 00:47:14]} {[%emt 00:03:20]} fxe4
{[%clk 01:00:31]} {[%emt 00:02:39]} 15. Nxe4 {[%clk 00:45:05]} {[%emt
00:02:39]} Be6 {[%clk 00:54:33]} {[%emt 00:06:29]} 16. Qc2 {[%clk 00:42:37]}
{[%emt 00:02:58]} Bf5 {[%clk 00:53:46]} {[%emt 00:01:17]} 17. Bg3 {[%clk
00:41:36]} {[%emt 00:01:31]} dxe5 {[%clk 00:53:30]} {[%emt 00:00:47]} 18. Bxf4
{[%clk 00:40:43]} {[%emt 00:01:22]} exf4 {[%clk 00:53:44]} {[%emt 00:00:15]}
19. Bd3 {[%clk 00:41:06]} {[%emt 00:00:07]} Qh5 {[%clk 00:49:10]} {[%emt
00:05:04]} 20. Qe2 {[%clk 00:36:31]} {[%emt 00:05:06]} Nc6 {[%clk 00:46:48]}
{[%emt 00:02:52]} 21. Rg1 {[%clk 00:36:04]} {[%emt 00:00:56]} Ne5 {[%clk
00:37:54]} {[%emt 00:09:24]} 22. Nfg5+ {[%clk 00:36:24]} {[%emt 00:00:10]} Qxg5
{[%clk 00:37:34]} {[%emt 00:00:51]} 1-0

[Event "ODJM B 2024"]
[Site "Willingen GER"]
[Date "2024.05.19"]
[Round "1"]
[White "He, Saiqi"]
[Black "Ye, Philipp"]
[Result "0-1"]
[Termination "normal"]
[Board "4"]
[WhiteElo "1659"]
[BlackElo "1870"]
[WhiteClock "00:07:36"]
[BlackClock "00:29:32"]
[PlyCount "94"]
[WhiteFideId "16292723"]
[BlackFideId "34646787"]
[EventCountry "GER"]
[EventRounds "9"]
[EventType "swiss"]
[EventDate "2024.05.18"]

1. e4 {[%clk 01:30:57]} {[%emt 00:00:02]} c6 {[%clk 01:30:38]} {[%emt
00:00:22]} 2. d4 {[%clk 01:31:18]} {[%emt 00:00:10]} d5 {[%clk 01:31:01]}
{[%emt 00:00:07]} 3. exd5 {[%clk 01:31:37]} {[%emt 00:00:12]} cxd5 {[%clk
01:31:23]} {[%emt 00:00:07]} 4. Bd3 {[%clk 01:31:58]} {[%emt 00:00:09]} Nc6
{[%clk 01:31:40]} {[%emt 00:00:13]} 5. c3 {[%clk 01:32:15]} {[%emt 00:00:12]}
Nf6 {[%clk 01:32:03]} {[%emt 00:00:07]} 6. Bf4 {[%clk 01:31:37]} {[%emt
00:01:08]} Bg4 {[%clk 01:32:21]} {[%emt 00:00:13]} 7. f3 {[%clk 01:29:07]}
{[%emt 00:03:00]} Bh5 {[%clk 01:32:35]} {[%emt 00:00:16]} 8. Ne2 {[%clk
01:28:51]} {[%emt 00:00:46]} e6 {[%clk 01:31:40]} {[%emt 00:01:25]} 9. Nd2
{[%clk 01:17:14]} {[%emt 00:12:08]} Bg6 {[%clk 01:29:15]} {[%emt 00:02:53]} 10.
Nb3 {[%clk 01:13:14]} {[%emt 00:04:30]} Bd6 {[%clk 01:21:43]} {[%emt 00:08:02]}
11. Qd2 {[%clk 00:58:09]} {[%emt 00:15:35]} Rc8 {[%clk 01:13:17]} {[%emt
00:08:56]} 12. Rd1 {[%clk 00:56:09]} {[%emt 00:02:30]} Bxd3 {[%clk 01:09:10]}
{[%emt 00:04:37]} 13. Qxd3 {[%clk 00:56:11]} {[%emt 00:00:29]} O-O {[%clk
01:09:30]} {[%emt 00:00:10]} 14. O-O {[%clk 00:49:34]} {[%emt 00:07:05]} b6
{[%clk 01:06:28]} {[%emt 00:03:34]} 15. Rfe1 {[%clk 00:43:38]} {[%emt
00:06:24]} Ne8 {[%clk 00:59:21]} {[%emt 00:07:38]} 16. Qd2 {[%clk 00:40:17]}
{[%emt 00:03:51]} Bxf4 {[%clk 00:58:06]} {[%emt 00:01:45]} 17. Nxf4 {[%clk
00:40:26]} {[%emt 00:00:21]} Nd6 {[%clk 00:58:00]} {[%emt 00:00:36]} 18. Nc1
{[%clk 00:37:51]} {[%emt 00:03:05]} Ne7 {[%clk 00:56:30]} {[%emt 00:02:00]} 19.
g4 {[%clk 00:36:49]} {[%emt 00:01:33]} Ng6 {[%clk 00:55:08]} {[%emt 00:01:51]}
20. Nxg6 {[%clk 00:32:19]} {[%emt 00:05:01]} hxg6 {[%clk 00:55:25]} {[%emt
00:00:12]} 21. Qf4 {[%clk 00:31:47]} {[%emt 00:01:02]} Nc4 {[%clk 00:51:56]}
{[%emt 00:04:00]} 22. Nd3 {[%clk 00:31:40]} {[%emt 00:00:36]} a5 {[%clk
00:49:28]} {[%emt 00:02:58]} 23. Re2 {[%clk 00:31:09]} {[%emt 00:01:01]} a4
{[%clk 00:47:28]} {[%emt 00:02:31]} 24. a3 {[%clk 00:29:34]} {[%emt 00:02:05]}
Qf6 {[%clk 00:46:05]} {[%emt 00:01:52]} 25. Qxf6 {[%clk 00:28:17]} {[%emt
00:01:48]} gxf6 {[%clk 00:46:28]} {[%emt 00:00:06]} 26. f4 {[%clk 00:28:12]}
{[%emt 00:00:36]} Kg7 {[%clk 00:46:15]} {[%emt 00:00:43]} 27. Kg2 {[%clk
00:28:02]} {[%emt 00:00:39]} Rh8 {[%clk 00:45:53]} {[%emt 00:00:53]} 28. Kg3
{[%clk 00:26:42]} {[%emt 00:01:49]} Nd6 {[%clk 00:43:03]} {[%emt 00:03:20]} 29.
Nf2 {[%clk 00:26:04]} {[%emt 00:01:08]} f5 {[%clk 00:43:23]} {[%emt 00:00:11]}
30. g5 {[%clk 00:25:19]} {[%emt 00:01:14]} Rh5 {[%clk 00:41:20]} {[%emt
00:02:33]} 31. h4 {[%clk 00:24:42]} {[%emt 00:01:07]} Rch8 {[%clk 00:40:33]}
{[%emt 00:01:17]} 32. Rh1 {[%clk 00:25:06]} {[%emt 00:00:06]} Kf8 {[%clk
00:39:43]} {[%emt 00:01:20]} 33. b3 {[%clk 00:20:05]} {[%emt 00:05:31]} Ke7
{[%clk 00:36:12]} {[%emt 00:04:01]} 34. Rb2 {[%clk 00:19:42]} {[%emt 00:00:53]}
Ra8 {[%clk 00:35:29]} {[%emt 00:01:13]} 35. bxa4 {[%clk 00:18:15]} {[%emt
00:01:57]} Rxa4 {[%clk 00:34:42]} {[%emt 00:01:18]} 36. Rxb6 {[%clk 00:17:52]}
{[%emt 00:00:53]} Rxa3 {[%emt 00:00:50]} 37. Rc1 {[%clk 00:17:55]} Rh8 {[%clk
00:34:59]} {[%emt 00:00:19]} 38. Rc6 {[%clk 00:17:25]} {[%emt 00:01:00]} Kd7
{[%clk 00:34:02]} {[%emt 00:01:28]} 39. Rc5 {[%clk 00:17:40]} {[%emt 00:00:15]}
Rb8 {[%clk 00:34:08]} {[%emt 00:00:24]} 40. Kg2 {[%emt 00:01:36]} Rb2 {[%emt
00:00:11]} 41. Kf3 {[%clk 00:12:19]} {[%emt 00:03:57]} Rxf2+ {[%clk 00:33:16]}
{[%emt 00:01:28]} 42. Kxf2 {[%clk 00:12:28]} {[%emt 00:00:21]} Ne4+ {[%clk
00:33:39]} {[%emt 00:00:07]} 43. Ke3 {[%clk 00:11:18]} {[%emt 00:01:40]} Nxc5
{[%clk 00:33:56]} {[%emt 00:00:14]} 44. dxc5 {[%clk 00:10:56]} {[%emt
00:00:52]} Ra4 {[%clk 00:33:03]} {[%emt 00:01:23]} 45. c4 {[%clk 00:09:07]}
{[%emt 00:02:18]} dxc4 {[%clk 00:30:02]} {[%emt 00:03:31]} 46. Kd4 {[%clk
00:09:13]} {[%emt 00:00:24]} c3+ {[%clk 00:29:25]} {[%emt 00:01:07]} 47. Ke5
{[%clk 00:07:36]} {[%emt 00:02:07]} Ke7 {[%clk 00:29:32]} {[%emt 00:00:24]} 0-1

[Event "ODJM B 2024"]
[Site "Willingen GER"]
[Date "2024.05.19"]
[Round "1"]
[White "Schedel, Loris"]
[Black "Wellßow, Lio Keanu"]
[Result "1-0"]
[Termination "normal"]
[Board "5"]
[WhiteElo "1819"]
[BlackElo "1486"]
[WhiteClock "00:15:23"]
[BlackClock "00:39:23"]
[PlyCount "53"]
[WhiteFideId "16255542"]
[BlackFideId "16252837"]
[EventCountry "GER"]
[EventRounds "9"]
[EventType "swiss"]
[EventDate "2024.05.18"]

1. e4 {[%clk 01:30:37]} {[%emt 00:00:21]} e6 {[%clk 01:30:45]} {[%emt
00:00:16]} 2. d4 {[%clk 01:29:45]} {[%emt 00:01:22]} d5 {[%clk 01:30:46]}
{[%emt 00:00:28]} 3. e5 {[%clk 01:29:13]} {[%emt 00:01:03]} c5 {[%clk
01:30:51]} {[%emt 00:00:25]} 4. c3 {[%clk 01:28:27]} {[%emt 00:01:16]} Nc6
{[%clk 01:29:55]} {[%emt 00:01:26]} 5. Nf3 {[%clk 01:27:14]} {[%emt 00:01:43]}
Qb6 {[%clk 01:29:49]} {[%emt 00:00:36]} 6. Be2 {[%clk 01:21:54]} {[%emt
00:05:50]} Nge7 {[%clk 01:25:07]} {[%emt 00:05:11]} 7. dxc5 {[%clk 01:18:29]}
{[%emt 00:03:56]} Qxc5 {[%clk 01:23:56]} {[%emt 00:01:41]} 8. Be3 {[%clk
01:14:59]} {[%emt 00:04:00]} Qa5 {[%clk 01:23:16]} {[%emt 00:01:09]} 9. b4
{[%clk 01:01:51]} {[%emt 00:13:38]} Qc7 {[%clk 01:21:37]} {[%emt 00:02:10]} 10.
Bb5 {[%clk 00:56:23]} {[%emt 00:05:58]} Bd7 {[%emt 00:01:14]} 11. Bxc6 {[%clk
00:56:09]} {[%emt 00:00:01]} Nxc6 {[%clk 01:21:34]} {[%emt 00:00:31]} 12. Bf4
{[%clk 00:55:08]} {[%emt 00:01:31]} g6 {[%clk 01:16:58]} {[%emt 00:05:06]} 13.
O-O {[%clk 00:51:51]} {[%emt 00:03:47]} Bg7 {[%clk 01:17:01]} {[%emt 00:00:27]}
14. Re1 {[%clk 00:51:45]} {[%emt 00:00:36]} a6 {[%clk 01:14:19]} {[%emt
00:03:13]} 15. Nbd2 {[%clk 00:44:14]} {[%emt 00:08:01]} Ne7 {[%clk 01:12:58]}
{[%emt 00:01:51]} 16. Rc1 {[%clk 00:43:08]} {[%emt 00:01:36]} Bb5 {[%clk
01:12:25]} {[%emt 00:01:04]} 17. Nf1 {[%clk 00:33:12]} {[%emt 00:10:25]} Bc4
{[%clk 01:02:02]} {[%emt 00:10:53]} 18. Ng3 {[%clk 00:32:08]} {[%emt 00:01:34]}
b5 {[%clk 01:01:42]} {[%emt 00:00:51]} 19. Qd2 {[%clk 00:31:10]} {[%emt
00:01:28]} Nc6 {[%clk 01:00:34]} {[%emt 00:01:37]} 20. Rc2 {[%clk 00:24:48]}
{[%emt 00:06:53]} a5 {[%clk 00:58:33]} {[%emt 00:02:30]} 21. Nd4 {[%clk
00:20:09]} {[%emt 00:05:10]} Bxe5 {[%clk 00:55:27]} {[%emt 00:03:36]} 22. Bxe5
{[%clk 00:20:07]} {[%emt 00:00:32]} Nxe5 {[%clk 00:55:41]} {[%emt 00:00:15]}
23. Qf4 {[%clk 00:19:46]} {[%emt 00:00:52]} axb4 {[%clk 00:53:54]} {[%emt
00:02:16]} 24. Rxe5 {[%clk 00:16:47]} {[%emt 00:03:29]} Qd7 {[%clk 00:40:37]}
{[%emt 00:13:47]} 25. Qf6 {[%clk 00:15:15]} {[%emt 00:02:02]} b3 {[%clk
00:39:05]} {[%emt 00:02:02]} 26. Qxh8+ {[%clk 00:15:00]} {[%emt 00:00:45]} Ke7
{[%clk 00:39:23]} {[%emt 00:00:12]} 27. Ngf5+ {[%clk 00:15:23]} {[%emt
00:00:07]} 1-0